Communication Revolution and Nwico (Record no. 6739)

MARC details
000 -LEADER
fixed length control field 00616nam a2200229 a 4500
020 ## - INTERNATIONAL STANDARD BOOK NUMBER
ISBN
082 00 - DEWEY DECIMAL CLASSIFICATION NUMBER
Classification number 203.23
Author Cutter CCA
245 ## - TITLE STATEMENT
Title Communication Revolution and Nwico
Sub title the Challenge to the Churches
260 ## - PUBLICATION, DISTRIBUTION, ETC. (IMPRINT)
Place of publication Singapur
Name of publisher Christian Conference India
Year of publication 1985
300 ## - PHYSICAL DESCRIPTION
Number of Pages 131p
500 ## - GENERAL NOTE
General note includes index and biblioraphy
505 2# - FORMATTED CONTENTS NOTE
Formatted contents note Index
650 ## - SUBJECT ADDED ENTRY--TOPICAL TERM
Topical Term Christianity And Mass Media
942 ## - ADDED ENTRY ELEMENTS (KOHA)
Koha item type Books
Holdings
Collection code Home library Current library Date acquired Cost, normal purchase price Full call number Accession Number Koha item type
  Henry Martyn Institute Library Henry Martyn Institute Library 06/13/2007 100.00 203.23 CCA 012661 Books
                   Copyright © 2026 | Henry Martyn Institute | Hyderabad | TS-500052 | INDIA | Implemented by hmi.edu.in
Hit-Count:

Powered by Koha